History Quiz

Random History or Blitz Quiz

Bullseye Blitz: History! Quiz Stats

 Plays Quiz Updated Feb 26, 2018

Support Sporcle.
Go Orange.
Score 0/48 Timer 04:00
1 Play Today
% Correct
Berlin
96.2%
Paris
96.1%
Poland
96%
Germany
95.9%
New York
95.7%
Luxembourg
92.4%
Italy
92.4%
France
90.9%
Statue of Zeus at Olympia
90.4%
Temple of Artemis
90.2%
Hanging Gardens
90.1%
Mikhail Gorbachev
89.9%
Ulysses Grant (46)
89.1%
Bill Clinton (46)
89%
Nikita Khrushchev
88%
Peace
87.5%
Leonid Brezhnev
87.1%
London
86.3%
John F. Kennedy (43)
86.3%
Joseph Stalin
86.2%
China
85.7%
Maryland (1634)
82.8%
Soviet Union
82.3%
New Hampshire (1623)
81.9%
% Correct
Massachusetts (1620)
80.7%
Great Pyramid of Giza
80.4%
Medicine/Physiology
79.7%
Literature
78.2%
Virginia (1607)
74.8%
Anne of Cleves
71.4%
Jane Seymour
70.9%
Anne Boleyn
69.7%
Theresa May
69.5%
David Cameron
66.8%
Claudius
64.9%
Belgium
64.7%
Gordon Brown
63.5%
Caligula
63.1%
Tony Blair
59%
Woodrow Wilson
58.5%
Tiberius
58%
Augustus
56.8%
Chemistry
55.1%
Catherine of Aragon
49.9%
Teddy Roosevelt (42)
48.2%
Vittorio Orlando
29.6%
David Lloyd George
29.4%
Georges Clemenceau
19.2%

You're not logged in!

Compare scores with friends on all Sporcle quizzes.
OR
Log In

From the Vault

Pixelated Album Covers

by SporcleEXP

These album covers are really great, trust us.
Remove Ads.
Support Sporcle.
Get the best of Sporcle when you Go Orange. This ad-free experience offers more features, more stats, and more fun while also helping to support Sporcle. Thank you for becoming a member.

Show Comments

Extras

Top Quizzes Today


Score Distribution

Your Account Isn't Verified!

In order to create a playlist on Sporcle, you need to verify the email address you used during registration. Go to your Sporcle Settings to finish the process.

Report this User

Report this user for behavior that violates our Community Guidelines.

Details: